Größte Gemeinden Österreichs ohne Autobahn - Statistiken

Allgemein
  • Dieses Quiz wurde 53 mal gespielt
  • Das Durchschnittsergebnis liegt bei 7 aus 20
Antwortstatistiken
Distanz Nächste Autobahn Bundesland Einwohner Gemeinde % Korrekt
27 km Innkreisautobahn (A8) Oberösterreich 17.228 Braunau am Inn
67%
10 km Westautobahn (A1) Oberösterreich 38.193 Steyr
67%
21 km Inntalautobahn (A12) Tirol 8.216 Kitzbühel
63%
5 km Tauernautobahn (A10) Salzburg 11.017 St. Johann im Pongau
63%
20 km Inntalautobahn (A12) Tirol 9.477 St. Johann in Tirol
63%
27 km Tauernautobahn (A10) Salzburg 9.854 Zell am See
63%
24 km Tauernautobahn (A10) Salzburg 16.820 Saalfelden am Steinernen Meer
59%
53 km Tauernautobahn (A10) Tirol 11.868 Lienz
54%
39 km Westautobahn (A1) Niederösterreich 10.885 Zwettl
52%
11 km Westautobahn (A1) Oberösterreich 14.126 Bad Ischl
43%
14 km Westautobahn (A1) Niederösterreich 11.261 Waidhofen an der Ybbs
33%
11 km Südautobahn (A2) Steiermark 11.663 Deutschlandsberg
30%
14 km Wiener Außenring Schnellstraße (S1) Niederösterreich 11.577 Gänserndorf
28%
6 km Südautobahn (A2) Steiermark 13.511 Feldbach
20%
7 km Westautobahn (A1) Oberösterreich 8.642 Perg
17%
5 km Südautobahn (A2) Steiermark 9.855 Köflach
9%
15 km Westautobahn (A1) Oberösterreich 9.329 Sierning
9%
7 km Wiener Außenring Schnellstraße (S1) Niederösterreich 10.392 Strasshof an der Nordbahn
4%
5 km Westautobahn (A1) Oberösterreich 9.782 Altmünster
2%
6 km Südautobahn (A2) Niederösterreich 9.063 Berndorf
0%
Keine übereinstimmenden Quizze gefunden
Verteilung der Resultate
Anzahl Personen mit jedem Resultat
Perzentil nach korrekt beantworteten Fragen
Ihre Resultats-Entwicklung
Sie haben dieses Quiz noch nicht gespielt